Administración estratégica : (Record no. 150960)

MARC details
000 -CABECERA
campo de control de longitud fija 00986nam a2200253 u 4500
005 - FECHA Y HORA DE LA ÚLTIMA TRANSACCIÓN
campo de control 20220811145945.0
008 - ELEMENTOS DE LONGITUD FIJA--INFORMACIÓN GENERAL
campo de control de longitud fija 101201s2008 r 000 0 eng d
020 ## - NÚMERO INTERNACIONAL NORMALIZADO PARA LIBROS
Número Internacional Estándar del Libro 9789706865960 (13 dígitos)
020 ## - NÚMERO INTERNACIONAL NORMALIZADO PARA LIBROS
Número Internacional Estándar del Libro 9706865969 (10 dígitos)
035 ## - NÚMERO DE CONTROL DEL SISTEMA
Número de control de sistema UPN01000178857
049 ## - COLECCIÓN
Colección CG
050 #4 - SIGNATURA TOPOGRÁFICA DE LA BIBLIOTECA DEL CONGRESO
Número de clasificación HD30.28
Número de documento/Ítem H5.2 2008
100 1# - ASIENTO PRINCIPAL--NOMBRE PERSONAL
Nombre de persona Hitt, Michael A.
245 10 - MENCIÓN DE TÍTULO
Título Administración estratégica :
Resto del título competividad y globalización, conceptos y casos /
Mención de responsabilidad, etc. Michael A. Hitt, R. Duane Ireland, Robert E. Hoskisson.
250 ## - MENCIÓN DE EDICIÓN
Mención de edición 7a ed.
260 ## - PUBLICACIÓN, DISTRIBUCIÓN, ETC.
Lugar de publicación, distribución, etc. México :
Nombre del editor, distribuidor, etc. Cengage learning,
Fecha de publicación, distribución, etc. c2008.
300 ## - DESCRIPCIÓN FÍSICA
Extensión xxiv, 343 p. :
Otras características físicas il., figs.
534 ## - NOTA SOBRE LA VERSIÓN ORIGINAL
Frase introductoria Traducción de:
Mención de título del original Stategic management : competitiveness and globalization : concepts and cases
650 #4 - ASIENTO SECUNDARIO DE MATERIA - TERMINO TEMATICO
Término de materia o nombre geográfico como elemento de entrada Planificación estratégica
Subdivisión de forma Estudio de casos
9 (RLIN) 5750
650 #4 - ASIENTO SECUNDARIO DE MATERIA - TERMINO TEMATICO
Término de materia o nombre geográfico como elemento de entrada ADMINISTRACION INDUSTRIAL -
Subdivisión geográfica ESPAÑA -
Subdivisión de forma ESTUDIO DE CASOS
9 (RLIN) 14879
700 1# - ASIENTO SECUNDARIO--NOMBRE DE PERSONAL
Nombre de persona Ireland, R. Duane,
Término indicativo de función/relación coaut.
700 1# - ASIENTO SECUNDARIO--NOMBRE DE PERSONAL
Nombre de persona Hoskisson, Robert E.,
Término indicativo de función/relación coaut.
905 ## - TIPO DE MATERIAL
Tipo de material Libro
Holdings
Estado de retiro Estado de pérdida Fuente del sistema de clasificación o colocación Estado dañado No para préstamo Código de colección Localización permanente Ubicación/localización actual Ubicación en estantería Fecha de adquisición Total de préstamos Clasificación Código de barras Fecha visto por última vez Fecha del último préstamo Número de copia Tipo de ítem Koha En préstamo
    Library of Congress Classification     Colección General Bib. Gregorio Torres Quintero Bib. Gregorio Torres Quintero Planta baja 07/08/2023 9 HD30.28 H5.2 2008 276964 20/08/2024 12/08/2024 1 Libro  
    Library of Congress Classification     Colección General Bib. Gregorio Torres Quintero Bib. Gregorio Torres Quintero Planta baja   1 HD30.28 H5.2 2008 276965 31/12/2020   1 Libro 07/11/2011